[Event "Politiken Cup 37th"]
[Site "Helsingor"]
[Date "2015.07.28"]
[Round "5"]
[White "Hansen, Alex Mehr"]
[Black "Micalizio, Tiziano Wul"]
[Result "1-0"]
[WhiteElo "1965"]
[BlackElo "1644"]
[PlyCount "89"]
[EventDate "2015.07.25"]
[EventType "swiss"]
[EventRounds "10"]
[EventCountry "DEN"]
[SourceTitle "CBM 167 Extra"]
[Source "ChessBase"]
[SourceDate "2015.09.14"]
[SourceVersion "1"]
[SourceVersionDate "2015.09.14"]
[SourceQuality "1"]

1. e4 c6 2. d4 d5 3. Nd2 dxe4 4. Nxe4 Bf5 5. Ng3 Bg6 6. Nf3 e6 7. h4 h5 8. Bd3 Bxd3 9. Qxd3 Qa5+ 10. Bd2 Qa6 11. Qxa6 Nxa6 12. 0-0-0 0-0-0 13. c3 Bd6 14. Ne4 Ne7 15. Nfg5 Rhf8 16. Nxd6+ Rxd6 17. Rhe1 Ng6 18. g3 Rd7 19. Re4 c5 20. Be3 cxd4 21. Rexd4 Rxd4 22. Bxd4 e5 23. Bxa7 Kc7 24. Be3 Kc6 25. b4 Nc7 26. Kb2 f5 27. Bc5 Rf6 28. Nh7 Re6 29. Ng5 Rf6 30. f3 b6 31. Bf2 Rf8 32. c4 f4 33. b5+ Nxb5 34. cxb5+ Kxb5 35. g4 hxg4 36. fxg4 e4 37. Nxe4 Ka6 38. Rd6 Ne5 39. Kb3 Nxg4 40. Rxb6+ Ka5 41. a4 Ne3 42. Rb5+ Ka6 43. Nc5+ Ka7 44. Rb7+ Ka8 45. Rxg7 1-0